Now That You Know

שמור ב:
מידע ביבליוגרפי
מחברים אחרים: Fairchild, Betty, Hayward, Nancy
פורמט: ספר
שפה:אנגלית
יצא לאור: San Diego
New York
London
תגים: הוספת תג
אין תגיות, היה/י הראשונ/ה לתייג את הרשומה!

MARC

LEADER 00000nam a2200000 4500
001 CDOM0000003775
003 mi
005 20251006100234.0
008 251006b |||||||| |||| 00| 0 eng d
040 |c mi 
245 1 |a Now That You Know  
260 |a San Diego 
260 |a New York 
260 |a London 
700 |a Fairchild, Betty 
700 |a Hayward, Nancy 
942 |2 ddc  |c BK 
952 |0 0  |1 0  |2 ddc  |4 0  |7 0  |9 6989  |a MI  |b MI  |d 2009-08-28  |i 5497  |l 0  |p CDOM5497  |r 2025-07-13 16:28:00  |w 2025-07-13  |x DONO  |y BK 
999 |c 5706  |d 5706